[Event "Gibtelecom Masters 2005"]
[Site "Gibraltar ENG"]
[Date "2005.01.03"]
[Round "10"]
[White "Estremera Panos, Sergio"]
[Black "Walton, Alan J"]
[Result "1-0"]
[WhiteElo "2384"]
[BlackElo "2181"]
[PlyCount "59"]
[EventDate "2005.01.26"]
[EventType "swiss"]
[EventRounds "10"]
[EventCountry "ENG"]
[Source "lmi"]
[SourceDate "2005.02.03"]

1. d4 e6 2. c4 f5 3. g3 Nf6 4. Bg2 Be7 5. Nf3 O-O 6. O-O d6 7. Nc3 Ne4 8. Nxe4
fxe4 9. Ne1 d5 10. Be3 Nc6 11. Rc1 Bf6 12. f3 dxc4 13. Rxc4 e5 14. d5 exf3 15.
Nxf3 Ne7 16. Bc5 b6 17. Ba3 Bb7 18. e4 Ba6 19. Qc2 Bxc4 20. Qxc4 Kh8 21. Rc1
Qe8 22. Rc3 b5 23. Qxc7 Nxd5 24. exd5 e4 25. Bxf8 Bxc3 26. Qxc3 Qxf8 27. Ng5
Rc8 28. Ne6 Rxc3 29. Nxf8 Rc1+ 30. Kf2 1-0

[Event "Gibtelecom Masters 2005"]
[Site "Gibraltar ENG"]
[Date "2005.01.03"]
[Round "10"]
[White "Flores Chico, Jorge"]
[Black "Obers, Frits"]
[Result "1/2-1/2"]
[WhiteElo "2125"]
[BlackElo "2084"]
[PlyCount "26"]
[EventDate "2005.01.26"]
[EventType "swiss"]
[EventRounds "10"]
[EventCountry "ENG"]
[Source "lmi"]
[SourceDate "2005.02.03"]

1. e4 e6 2. d4 d5 3. exd5 exd5 4. Nc3 Bb4 5. Bd3 Ne7 6. Qh5 c5 7. Nf3 c4 8. Ng5
g6 9. Qh6 Ng8 10. Qg7 Qf6 11. Qxf6 Nxf6 12. Be2 Nc6 13. Nf3 Bf5 1/2-1/2

[Event "Gibtelecom Masters 2005"]
[Site "Gibraltar ENG"]
[Date "2005.01.03"]
[Round "10"]
[White "Gonzalez Amaya, Milan"]
[Black "Matto, Manuel"]
[Result "1-0"]
[WhiteElo "1931"]
[BlackElo "2082"]
[PlyCount "51"]
[EventDate "2005.01.26"]
[EventType "swiss"]
[EventRounds "10"]
[EventCountry "ENG"]
[Source "lmi"]
[SourceDate "2005.02.03"]

1. e4 d6 2. d4 Nd7 3. Nc3 e6 4. Nf3 a6 5. Bc4 Be7 6. Be3 h6 7. Qd2 Ngf6 8.
O-O-O b5 9. Bb3 b4 10. Ne2 Nxe4 11. Qd3 Ndf6 12. Ng3 d5 13. Ne5 a5 14. Ba4+ Kf8
15. Bf4 Ba6 16. Qf3 g5 17. Nc6 Qc8 18. Be5 g4 19. Qf4 Nh7 20. Qxh6+ Ke8 21.
Nxe4 dxe4 22. Qg7 Kd7 23. Nb8+ Kd8 24. Qxh8+ Nf8 25. Nc6+ Kd7 26. Nxe7+ 1-0

[Event "Gibtelecom Masters 2005"]
[Site "Gibraltar ENG"]
[Date "2005.01.03"]
[Round "10"]
[White "Hebden, Mark"]
[Black "Thorfinnsson, Bragi"]
[Result "1/2-1/2"]
[WhiteElo "2521"]
[BlackElo "2435"]
[PlyCount "87"]
[EventDate "2005.01.26"]
[EventType "swiss"]
[EventRounds "10"]
[EventCountry "ENG"]
[Source "lmi"]
[SourceDate "2005.02.03"]

1. d4 Nf6 2. Nf3 e6 3. c4 b6 4. g3 Ba6 5. b3 Bb4+ 6. Bd2 Be7 7. Bg2 c6 8. Bc3
d5 9. Nbd2 O-O 10. Ne5 Nfd7 11. Nd3 b5 12. c5 e5 13. dxe5 Nxc5 14. Nxc5 Bxc5
15. b4 Bb6 16. Nb3 Nd7 17. O-O Re8 18. e4 Nxe5 19. exd5 cxd5 20. Bxd5 Rc8 21.
Rc1 Qd7 22. Re1 Rcd8 23. Rxe5 Rxe5 24. Bxe5 Qxd5 25. Qxd5 Rxd5 26. Bc7 Bb7 27.
Bxb6 axb6 28. f3 g6 29. Rc2 Rd1+ 30. Kf2 Bd5 31. Rc8+ Kg7 32. Rb8 Bxb3 33. axb3
Rd4 34. Rxb6 Rxb4 35. g4 g5 36. Kg3 Rxb3 37. h4 h6 38. Rb8 Rb2 39. Rd8 Rb1 40.
Rd5 Kf6 41. Rd6+ Kg7 42. Rd5 Kf6 43. Rd6+ Kg7 44. Rd5 1/2-1/2

[Event "Gibtelecom Masters 2005"]
[Site "Gibraltar ENG"]
[Date "2005.01.03"]
[Round "10"]
[White "Hennigan, Michael"]
[Black "Patterson, Roger"]
[Result "1-0"]
[WhiteElo "2408"]
[BlackElo "2195"]
[PlyCount "71"]
[EventDate "2005.01.26"]
[EventType "swiss"]
[EventRounds "10"]
[EventCountry "ENG"]
[Source "lmi"]
[SourceDate "2005.02.03"]

1. e4 c5 2. Nf3 Nc6 3. Bb5 g6 4. Bxc6 dxc6 5. d3 Bg7 6. h3 e5 7. Be3 Qe7 8.
Nbd2 Nf6 9. Nc4 Nd7 10. O-O Nf8 11. a3 f6 12. b4 Ne6 13. bxc5 Nxc5 14. Qb1 Ne6
15. Qb4 c5 16. Qb5+ Qd7 17. Qa5 Qd8 18. Qb5+ Qd7 19. a4 O-O 20. Rfb1 Qc7 21.
Bd2 Nd4 22. Nxd4 cxd4 23. Bb4 Rd8 24. Ba5 b6 25. Nxb6 axb6 26. Bxb6 Qd6 27.
Bxd8 Qxd8 28. a5 Ba6 29. Qc6 Ra7 30. Rb6 Bc8 31. a6 Bf8 32. Rb8 Rc7 33. Qxc7
Qxc7 34. a7 Bb7 35. Rxb7 Qxb7 36. a8=Q 1-0

[Event "Gibtelecom Masters 2005"]
[Site "Gibraltar ENG"]
[Date "2005.01.03"]
[Round "10"]
[White "Jasim, AR Saleh"]
[Black "Welling, Gerard"]
[Result "1-0"]
[WhiteElo "2340"]
[BlackElo "2369"]
[PlyCount "69"]
[EventDate "2005.01.26"]
[EventType "swiss"]
[EventRounds "10"]
[EventCountry "ENG"]
[Source "lmi"]
[SourceDate "2005.02.03"]

1. Nf3 d6 2. d4 g6 3. e4 Bg7 4. Nc3 a6 5. Be3 Nd7 6. Bc4 e6 7. Qd2 h6 8. h3 Ne7
9. g4 b6 10. d5 e5 11. O-O-O b5 12. Bd3 Bb7 13. Nh2 Rc8 14. Rhf1 c5 15. dxc6
Bxc6 16. Be2 b4 17. Nd5 a5 18. Ba6 Ra8 19. Bc4 Nxd5 20. Bxd5 Rc8 21. f4 Bxd5
22. exd5 O-O 23. f5 Kh7 24. g5 hxg5 25. Ng4 gxf5 26. Rxf5 f6 27. h4 Qc7 28.
hxg5 Qc4 29. Qh2+ Kg8 30. gxf6 Rxf6 31. Nxf6+ Nxf6 32. Rxf6 Bxf6 33. Rg1+ Bg7
34. Bh6 Rc7 35. Qg2 1-0

[Event "Gibtelecom Masters 2005"]
[Site "Gibraltar ENG"]
[Date "2005.01.03"]
[Round "10"]
[White "Johannesson, Ingvar Thor"]
[Black "Heyl, Thomas"]
[Result "1/2-1/2"]
[WhiteElo "2315"]
[BlackElo "2070"]
[PlyCount "60"]
[EventDate "2005.01.26"]
[EventType "swiss"]
[EventRounds "10"]
[EventCountry "ENG"]
[Source "lmi"]
[SourceDate "2005.02.03"]

1. f4 Nf6 2. Nf3 g6 3. g3 Bg7 4. Bg2 O-O 5. O-O c5 6. d3 Nc6 7. c3 b6 8. Na3
Bb7 9. e4 e6 10. h3 Ne8 11. Qe2 d5 12. e5 Nc7 13. Nc2 a5 14. Be3 Na6 15. Qf2 d4
16. cxd4 Ncb4 17. Nxb4 Nxb4 18. dxc5 Nxd3 19. Qc2 Nxc5 20. Rfd1 Qc7 21. Bxc5
Rfc8 22. Qf2 Qxc5 23. Qxc5 Rxc5 24. Ne1 Bxg2 25. Kxg2 Rac8 26. Rd2 Bf8 27. Rad1
Rc1 28. Rxc1 Rxc1 29. Nd3 Rc4 30. Kf3 Bc5 1/2-1/2

[Event "Gibtelecom Masters 2005"]
[Site "Gibraltar ENG"]
[Date "2005.01.03"]
[Round "10"]
[White "Kobese, Watu"]
[Black "Fossum, Oystein Boyum"]
[Result "1-0"]
[WhiteElo "2419"]
[BlackElo "2214"]
[PlyCount "85"]
[EventDate "2005.01.26"]
[EventType "swiss"]
[EventRounds "10"]
[EventCountry "ENG"]
[Source "lmi"]
[SourceDate "2005.02.03"]

1. e4 c5 2. Nf3 g6 3. d4 cxd4 4. Nxd4 Bg7 5. c4 Nc6 6. Be3 Nf6 7. Nc3 O-O 8.
Be2 d6 9. O-O Bd7 10. Qd2 Nxd4 11. Bxd4 Bc6 12. f3 a5 13. b3 Nd7 14. Be3 Nc5
15. Rab1 Qb6 16. Rfc1 Rfc8 17. Rc2 Qd8 18. Bf1 h5 19. a3 Kh7 20. b4 axb4 21.
axb4 Na4 22. Nd1 Qe8 23. Nf2 Qf8 24. Nh3 Bh6 25. Ng5+ Kg8 26. g3 Qe8 27. c5
dxc5 28. bxc5 Rd8 29. Qf2 Bg7 30. Bc4 e6 31. f4 Nc3 32. Rxc3 Bxc3 33. f5 gxf5
34. Qf3 Bxe4 35. Qxh5 Bg7 36. Bxe6 fxe6 37. Qh7+ Kf8 38. Nxe4 Qc6 39. Bh6 Qxe4
40. Qh8+ Ke7 41. Rxb7+ Qxb7 42. Qxg7+ Ke8 43. Qxb7 1-0

[Event "Gibtelecom Masters 2005"]
[Site "Gibraltar ENG"]
[Date "2005.01.03"]
[Round "10"]
[White "Kotronias, Vasilios"]
[Black "Efimenko, Zahar"]
[Result "1/2-1/2"]
[WhiteElo "2585"]
[BlackElo "2601"]
[PlyCount "92"]
[EventDate "2005.01.26"]
[EventType "swiss"]
[EventRounds "10"]
[EventCountry "ENG"]
[Source "lmi"]
[SourceDate "2005.02.03"]

1. e4 e6 2. d4 d5 3. Nd2 dxe4 4. Nxe4 Nd7 5. Nf3 Ngf6 6. Nxf6+ Nxf6 7. Bg5 h6
8. Bh4 c5 9. Ne5 Qa5+ 10. c3 cxd4 11. Qxd4 Bc5 12. Qf4 Bd6 13. Bg3 O-O 14. Nc4
Bxf4 15. Nxa5 Bxg3 16. hxg3 b6 17. Nc4 Bb7 18. a4 Rfd8 19. a5 Ne4 20. Be2 Nc5
21. axb6 axb6 22. O-O Rxa1 23. Rxa1 Ba6 24. f3 Kf8 25. b4 Bxc4 26. Bxc4 Nb7 27.
Ra6 Rc8 28. Be2 Nd6 29. Rxb6 Ke7 30. c4 Nxc4 31. Rb7+ Ke8 32. Bxc4 Rxc4 33. b5
Rc2 34. g4 g5 35. Kf1 Rb2 36. g3 Kd8 37. Rxf7 Rxb5 38. Ke2 Ke8 39. Rh7 Rb2+ 40.
Ke3 Rg2 41. Rxh6 Kf7 42. Rh3 Kg6 43. Kd3 Rf2 44. Ke3 Rg2 45. Rh5 Kf6 46. Rh1
Ke5 1/2-1/2

[Event "Gibtelecom Masters 2005"]
[Site "Gibraltar ENG"]
[Date "2005.01.03"]
[Round "10"]
[White "Lahno, Katerina"]
[Black "Avrukh, Boris"]
[Result "0-1"]
[WhiteElo "2454"]
[BlackElo "2629"]
[PlyCount "96"]
[EventDate "2005.01.26"]
[EventType "swiss"]
[EventRounds "10"]
[EventCountry "ENG"]
[Source "lmi"]
[SourceDate "2005.02.03"]

1. e4 c5 2. Nf3 Nc6 3. d4 cxd4 4. Nxd4 Nf6 5. Nc3 d6 6. Bg5 e6 7. Qd2 a6 8.
O-O-O Bd7 9. f3 Be7 10. Kb1 Qc7 11. g4 b5 12. Nxc6 Bxc6 13. Bd3 h6 14. Bxf6
Bxf6 15. h4 Bb7 16. Ne2 d5 17. g5 Be5 18. exd5 Bxd5 19. Qe3 Rc8 20. Be4 Qc5 21.
Qxc5 Rxc5 22. Bxd5 Rxd5 23. Rxd5 exd5 24. Rg1 hxg5 25. Rxg5 Bf6 26. Rxd5 Rxh4
27. c3 Rh2 28. Nf4 Ke7 29. Rd3 Be5 30. Re3 Kd6 31. Nd3 Bf6 32. a3 g5 33. Nb4 a5
34. Nc2 Be5 35. Rd3+ Ke6 36. a4 bxa4 37. c4 f5 38. c5 g4 39. fxg4 fxg4 40. Nd4+
Kf6 41. c6 g3 42. Ka2 g2 43. Ne2 Rh1 44. Rf3+ Ke6 45. Rf8 g1=Q 46. Nxg1 Rxg1
47. Re8+ Kd5 48. Ra8 Bc7 0-1

[Event "Gibtelecom Masters 2005"]
[Site "Gibraltar ENG"]
[Date "2005.01.03"]
[Round "10"]
[White "Mitchell, Martin"]
[Black "Belezky, Sasha"]
[Result "1-0"]
[WhiteElo "2147"]
[BlackElo "2399"]
[PlyCount "49"]
[EventDate "2005.01.26"]
[EventType "swiss"]
[EventRounds "10"]
[EventCountry "ENG"]
[Source "lmi"]
[SourceDate "2005.02.03"]

1. d4 Nf6 2. c4 e5 3. dxe5 Ng4 4. Bf4 g5 5. Bd2 Nxe5 6. Nf3 Nxf3+ 7. exf3 Qe7+
8. Be2 d6 9. O-O Nc6 10. Nc3 Be6 11. Nd5 Qd8 12. Bc3 Ne5 13. f4 gxf4 14. Nxf4
Rg8 15. Nxe6 fxe6 16. Bxe5 dxe5 17. Bh5+ Ke7 18. Qf3 Rg7 19. Rad1 Qc8 20. Qe4
Rg5 21. Qh4 Bh6 22. f4 exf4 23. Rxf4 e5 24. Rf7+ Ke6 25. Qh3+ 1-0

[Event "Gibtelecom Masters 2005"]
[Site "Gibraltar ENG"]
[Date "2005.01.03"]
[Round "10"]
[White "Mohamed, Hossein Abdul"]
[Black "Fraser Mitchell, Jeremy M"]
[Result "1-0"]
[WhiteElo "2233"]
[BlackElo "2092"]
[PlyCount "69"]
[EventDate "2005.01.26"]
[EventType "swiss"]
[EventRounds "10"]
[EventCountry "ENG"]
[Source "lmi"]
[SourceDate "2005.02.03"]

1. Nf3 f5 2. g3 Nf6 3. Bg2 d6 4. d4 g6 5. O-O Bg7 6. c4 O-O 7. Nc3 Qe8 8. d5
Na6 9. Nd4 Bd7 10. Rb1 c6 11. dxc6 bxc6 12. b4 Rc8 13. b5 cxb5 14. cxb5 Nc5 15.
Nc6 Nfe4 16. Nxe4 Bxc6 17. Nxd6 exd6 18. Bxc6 Rxc6 19. Qd5+ Qf7 20. Qxf7+ Kxf7
21. bxc6 Rc8 22. Be3 Rxc6 23. Rfc1 Ke6 24. Bxc5 dxc5 25. Rb7 Be5 26. Rxa7 h5
27. Ra4 g5 28. f4 Bf6 29. Kf2 gxf4 30. gxf4 Kd5 31. Rd1+ Ke6 32. Rc4 Be7 33. e4
fxe4 34. Rxe4+ Kf7 35. Rd7 1-0

[Event "Gibtelecom Masters 2005"]
[Site "Gibraltar ENG"]
[Date "2005.01.03"]
[Round "10"]
[White "Nakamura, Hikaru"]
[Black "Pert, Nicholas"]
[Result "1-0"]
[WhiteElo "2613"]
[BlackElo "2501"]
[PlyCount "95"]
[EventDate "2005.01.26"]
[EventType "swiss"]
[EventRounds "10"]
[EventCountry "ENG"]
[Source "lmi"]
[SourceDate "2005.02.03"]

1. d4 d5 2. c4 c6 3. Nc3 Nf6 4. e3 a6 5. Nf3 b5 6. c5 Nbd7 7. Qb3 Rb8 8. Be2 e5
9. O-O Be7 10. Ne1 O-O 11. Nd3 Qc7 12. f3 Re8 13. Bd2 Bd8 14. Qd1 a5 15. b4 e4
16. Ne1 axb4 17. Nb1 exf3 18. gxf3 Nf8 19. Nc2 Nh5 20. Kh1 Ng3+ 21. hxg3 Qxg3
22. Rf2 Bc7 23. Qg1 Qh3+ 24. Rh2 Bxh2 25. Qxh2 Qxh2+ 26. Kxh2 Re6 27. Nxb4 Rh6+
28. Kg1 Rg6+ 29. Kf2 Bh3 30. Bf1 Bxf1 31. Kxf1 Re8 32. Nc3 Rh6 33. Ke2 f5 34.
Kd3 Ree6 35. a4 bxa4 36. Rxa4 Rh3 37. Ra6 Rxf3 38. Rxc6 g5 39. Ncxd5 h5 40. Rc8
f4 41. c6 fxe3 42. Bxe3 g4 43. c7 g3 44. Rd8 g2 45. c8=Q Rexe3+ 46. Nxe3 g1=Q
47. Qe6+ Rf7 48. Nbc2 1-0

[Event "Gibtelecom Masters 2005"]
[Site "Gibraltar ENG"]
[Date "2005.01.03"]
[Round "10"]
[White "Nezad, Husein Aziz"]
[Black "Duncanson, Henry G"]
[Result "1-0"]
[WhiteElo "2349"]
[BlackElo "2110"]
[PlyCount "65"]
[EventDate "2005.01.26"]
[EventType "swiss"]
[EventRounds "10"]
[EventCountry "ENG"]
[Source "lmi"]
[SourceDate "2005.02.03"]

1. e4 e6 2. d4 d5 3. Nd2 Nf6 4. e5 Nfd7 5. Bd3 c5 6. c3 Nc6 7. Ne2 cxd4 8. cxd4
f6 9. exf6 Nxf6 10. Nf3 Be7 11. O-O O-O 12. Bg5 Bd7 13. Re1 Qe8 14. Rc1 Qf7 15.
Bb5 Bd6 16. Bf4 Bxf4 17. Nxf4 Ne4 18. Bxc6 Bxc6 19. Nd3 Qf5 20. Rc2 Rf6 21.
Nfe5 Bb5 22. f3 Ng5 23. Nf2 h5 24. Rc7 Ba6 25. h4 Nf7 26. Nh3 Nd6 27. Qa4 Nb5
28. Rd7 Rc8 29. Qb4 Rcf8 30. a4 Nc7 31. Qe7 Ne8 32. b4 Bc4 33. Rxb7 1-0

[Event "Gibtelecom Masters 2005"]
[Site "Gibraltar ENG"]
[Date "2005.01.03"]
[Round "10"]
[White "Osuna Vega, Enrique"]
[Black "Orr, Mark JL"]
[Result "1/2-1/2"]
[WhiteElo "2173"]
[BlackElo "2324"]
[PlyCount "114"]
[EventDate "2005.01.26"]
[EventType "swiss"]
[EventRounds "10"]
[EventCountry "ENG"]
[Source "lmi"]
[SourceDate "2005.02.03"]

1. e4 e6 2. d4 d5 3. Nd2 Nf6 4. e5 Nfd7 5. Bd3 c5 6. c3 Nc6 7. Ne2 cxd4 8. cxd4
f6 9. exf6 Nxf6 10. Nf3 Bd6 11. O-O Qc7 12. Bg5 O-O 13. Qc2 h6 14. Bh4 Nh5 15.
Bh7+ Kh8 16. Bg6 Rxf3 17. Bxh5 Rf8 18. Bg3 Bd7 19. Qd2 Rf6 20. f4 Qa5 21. Qe3
Ne7 22. Bg4 Nf5 23. Bxf5 exf5 24. Be1 Qb6 25. Nc3 Re8 26. Qd2 Bb4 27. Qf2 Bc6
28. Bd2 Rfe6 29. Rae1 Bxc3 30. Rxe6 Rxe6 31. Bxc3 Bb5 32. Re1 Bd3 33. Rxe6 Qxe6
34. Qe1 Be4 35. Qe3 Qg6 36. Qg3 Qxg3 37. hxg3 Kh7 38. Kf2 Kg6 39. Bb4 Kf7 40.
Bc5 a6 41. Bb4 g5 42. fxg5 hxg5 43. Bd2 g4 44. Bf4 Bb1 45. a3 Be4 46. b4 Ke6
47. Ke3 Kd7 48. Kd2 Bxg2 49. Kc3 Bf3 50. Kb2 Kc6 51. Kc3 Kb5 52. Bc7 Ka4 53.
Kb2 b5 54. Bd6 a5 55. bxa5 Kxa5 56. Kc3 Ka4 57. Kd2 Kb3 1/2-1/2

[Event "Gibtelecom Masters 2005"]
[Site "Gibraltar ENG"]
[Date "2005.01.03"]
[Round "10"]
[White "Postny, Evgeny"]
[Black "Skripchenko, Almira"]
[Result "1/2-1/2"]
[WhiteElo "2557"]
[BlackElo "2459"]
[PlyCount "87"]
[EventDate "2005.01.26"]
[EventType "swiss"]
[EventRounds "10"]
[EventCountry "ENG"]
[Source "lmi"]
[SourceDate "2005.02.03"]

1. e4 c5 2. Nf3 e6 3. d4 cxd4 4. Nxd4 Nc6 5. Nc3 Qc7 6. Be2 a6 7. O-O Nf6 8.
Be3 Bb4 9. Na4 Be7 10. c4 Nxe4 11. c5 O-O 12. Rc1 Rb8 13. g3 Nf6 14. Bf3 g6 15.
Re1 e5 16. Nb3 Rd8 17. Qe2 Re8 18. Red1 d5 19. cxd6 Bxd6 20. Bb6 Qe7 21. Bxc6
bxc6 22. Rxc6 Bb4 23. Bc5 Bxc5 24. Naxc5 e4 25. Re1 Bh3 26. Nxa6 Rbd8 27. Nc7
Rf8 28. Rc3 Rd7 29. Nb5 Rfd8 30. Rcc1 Bg4 31. Qf1 Bf3 32. Na5 Ra8 33. Nc6 Qf8
34. a3 Rd2 35. Ne5 Rxb2 36. Nxf3 exf3 37. Re3 Ng4 38. Rxf3 Qh6 39. h3 Nxf2 40.
Rxf2 Qe3 41. Rc3 Qb6 42. Rc6 Qxb5 43. Qxb5 Rxb5 44. Rc3 1/2-1/2

[Event "Gibtelecom Masters 2005"]
[Site "Gibraltar ENG"]
[Date "2005.01.03"]
[Round "10"]
[White "Rendle, Thomas"]
[Black "Ward, Christopher"]
[Result "1/2-1/2"]
[WhiteElo "2370"]
[BlackElo "2485"]
[PlyCount "23"]
[EventDate "2005.01.26"]
[EventType "swiss"]
[EventRounds "10"]
[EventCountry "ENG"]
[Source "lmi"]
[SourceDate "2005.02.03"]

1. e4 c5 2. Nf3 d6 3. c3 Nf6 4. Be2 Bg4 5. O-O e6 6. h3 Bh5 7. d3 Nc6 8. Nh2
Bxe2 9. Qxe2 d5 10. Bg5 Be7 11. Nd2 Qd7 12. f4 1/2-1/2

[Event "Gibtelecom Masters 2005"]
[Site "Gibraltar ENG"]
[Date "2005.01.03"]
[Round "10"]
[White "Sargissian, Gabriel"]
[Black "Gormally, Daniel"]
[Result "1/2-1/2"]
[WhiteElo "2602"]
[BlackElo "2472"]
[PlyCount "74"]
[EventDate "2005.01.26"]
[EventType "swiss"]
[EventRounds "10"]
[EventCountry "ENG"]
[Source "lmi"]
[SourceDate "2005.02.03"]

1. d4 d5 2. Nf3 Nf6 3. c4 c6 4. e3 e6 5. Nc3 Nbd7 6. Qc2 Bd6 7. g4 dxc4 8. Bxc4
e5 9. g5 Nd5 10. Ne4 Bc7 11. Bd2 exd4 12. Nxd4 Ne5 13. O-O-O O-O 14. Be2 Bb6
15. h4 Qe7 16. h5 c5 17. Nb5 Be6 18. Kb1 Nb4 19. Bxb4 cxb4 20. Rhg1 Kh8 21.
Nbd6 Rac8 22. Qa4 Rcd8 23. Ka1 Bd7 24. Bb5 Bg4 25. Rd5 Bf3 26. Qb3 Qe6 27. Rd2
Bxh5 28. Rc1 Qxb3 29. axb3 Bf3 30. Be2 Bxe4 31. Nxe4 Rxd2 32. Nxd2 g6 33. Ne4
Kg7 34. Kb1 h6 35. gxh6+ Kxh6 36. Nf6 Rd8 37. Ng4+ Nxg4 1/2-1/2

[Event "Gibtelecom Masters 2005"]
[Site "Gibraltar ENG"]
[Date "2005.01.03"]
[Round "10"]
[White "Saud, Mohamed"]
[Black "Diaz Montenegro, Ignacio"]
[Result "1/2-1/2"]
[WhiteElo "2198"]
[BlackElo "2090"]
[PlyCount "68"]
[EventDate "2005.01.26"]
[EventType "swiss"]
[EventRounds "10"]
[EventCountry "ENG"]
[Source "lmi"]
[SourceDate "2005.02.03"]

1. d4 d5 2. c4 c6 3. Nf3 Nf6 4. e3 e6 5. Nc3 Nbd7 6. Qc2 Be7 7. Bd3 O-O 8. O-O
b6 9. e4 dxe4 10. Nxe4 Qc7 11. b3 Bb7 12. Bb2 h6 13. Rfe1 c5 14. dxc5 bxc5 15.
Nxf6+ Bxf6 16. Bxf6 Nxf6 17. Ne5 Rad8 18. Re3 Rd4 19. h3 Rfd8 20. Rae1 Qd6 21.
f3 Qe7 22. a3 a5 23. Qc3 Nd7 24. Bf1 Nxe5 25. Rxe5 Qc7 26. b4 cxb4 27. axb4
axb4 28. Qxb4 Ba6 29. Rc5 Qg3 30. Re2 Rh4 31. Qb6 Rd1 32. Qxa6 Rxh3 33. Rc8+
Kh7 34. Qa7 Qh2+ 1/2-1/2

[Event "Gibtelecom Masters 2005"]
[Site "Gibraltar ENG"]
[Date "2005.01.03"]
[Round "10"]
[White "Shaw, John"]
[Black "Al Tamimi, Hamad"]
[Result "1-0"]
[WhiteElo "2445"]
[BlackElo "2210"]
[PlyCount "51"]
[EventDate "2005.01.26"]
[EventType "swiss"]
[EventRounds "10"]
[EventCountry "ENG"]
[Source "lmi"]
[SourceDate "2005.02.03"]

1. e4 c6 2. d4 d5 3. Nc3 dxe4 4. Nxe4 Bf5 5. Ng3 Bg6 6. h4 h6 7. Nf3 Nd7 8. h5
Bh7 9. Bd3 Bxd3 10. Qxd3 e6 11. Bf4 Qa5+ 12. Bd2 Bb4 13. c3 Be7 14. c4 Qa6 15.
O-O Ngf6 16. Rfe1 O-O 17. Nf5 Rfe8 18. Nxe7+ Rxe7 19. Bb4 Ree8 20. Ne5 b5 21.
Rac1 Rac8 22. Rc3 Qb6 23. Nxf7 bxc4 24. Nxh6+ Kh8 25. Nf7+ Kg8 26. Rxc4 1-0

[Event "Gibtelecom Masters 2005"]
[Site "Gibraltar ENG"]
[Date "2005.01.03"]
[Round "10"]
[White "Spraggett, Kevin"]
[Black "Dreev, Alexey"]
[Result "1/2-1/2"]
[WhiteElo "2589"]
[BlackElo "2704"]
[PlyCount "155"]
[EventDate "2005.01.26"]
[EventType "swiss"]
[EventRounds "10"]
[EventCountry "ENG"]
[Source "lmi"]
[SourceDate "2005.02.03"]

1. e4 c5 2. Nf3 d6 3. d4 Nf6 4. Nc3 cxd4 5. Nxd4 Nc6 6. Bg5 Bd7 7. Qd2 Rc8 8.
Nxc6 bxc6 9. Bc4 h6 10. Bh4 e6 11. Bg3 Qa5 12. e5 dxe5 13. Qe2 Ba3 14. Qxe5 Qb4
15. bxa3 Qxc4 16. Rb1 c5 17. Rb3 Bc6 18. f3 O-O 19. Qe2 Bd5 20. Qxc4 Bxc4 21.
Rb7 a6 22. Kd2 Rfd8+ 23. Kc1 Nd5 24. Ne4 Ne3 25. Nd6 Bd5 26. Ra7 Ra8 27. Rc7
Bxa2 28. Nxf7 Rdb8 29. Kd2 Nc4+ 30. Ke2 Nxa3 31. Rc1 Nb5 32. Rd7 Nd4+ 33. Kf2
e5 34. Nd6 Rd8 35. Rxd8+ Rxd8 36. Bxe5 Be6 37. Ne4 Rd5 38. Bc7 Bf5 39. Ke3 Bg6
40. c4 Rd7 41. Be5 Bxe4 42. Kxe4 Nb3 43. Rc3 Nd2+ 44. Ke3 a5 45. Rc2 Nb3 46.
Ra2 Kf7 47. Ra3 Nd2 48. Ra4 g5 49. Bc3 Nb3 50. Ra3 Re7+ 51. Kd3 Rd7+ 52. Kc2
Nd4+ 53. Bxd4 Rxd4 54. Kc3 g4 55. fxg4 Rxg4 56. g3 h5 57. Rxa5 h4 58. Rxc5 hxg3
59. hxg3 Rxg3+ 60. Kb4 Ke6 61. Rd5 Rg8 62. Rd1 Rb8+ 63. Ka5 Rc8 64. Kb5 Rb8+
65. Ka6 Rc8 66. Rd4 Ke5 67. Rh4 Kd6 68. Kb7 Rc7+ 69. Kb8 Rc6 70. Kb7 Rc7+ 71.
Kb6 Rc6+ 72. Kb5 Rc5+ 73. Kb4 Rg5 74. c5+ Kc7 75. Kb5 Rg6 76. Rh7+ Kc8 77. c6
Rg1 78. Kb6 1/2-1/2

[Event "Gibtelecom Masters 2005"]
[Site "Gibraltar ENG"]
[Date "2005.01.03"]
[Round "10"]
[White "Tolhuizen, Ludo"]
[Black "Coimbra, Margarida"]
[Result "1/2-1/2"]
[WhiteElo "2288"]
[BlackElo "2081"]
[PlyCount "87"]
[EventDate "2005.01.26"]
[EventType "swiss"]
[EventRounds "10"]
[EventCountry "ENG"]
[Source "lmi"]
[SourceDate "2005.02.03"]

1. d4 d5 2. c4 c6 3. Nf3 Nf6 4. e3 Bf5 5. Nc3 e6 6. Bd3 Bxd3 7. Qxd3 Nbd7 8.
O-O Bd6 9. e4 dxe4 10. Nxe4 Nxe4 11. Qxe4 O-O 12. Bd2 Re8 13. Bc3 Qc7 14. Rfe1
Nf6 15. Qc2 b5 16. b3 Rac8 17. Rad1 Be7 18. Qd2 a6 19. a4 Qb7 20. h3 h6 21. Ne5
Rcd8 22. Qe2 bxa4 23. bxa4 c5 24. dxc5 Bxc5 25. Rb1 Qc7 26. Qf3 Rb8 27. Ng4
Nxg4 28. Qxg4 Bf8 29. Rxb8 Qxb8 30. Qd4 Rd8 31. Qh4 Rd3 32. Be5 Qb4 33. Qe4 f5
34. Qe2 Rd2 35. Qf1 Bc5 36. Re2 Rxe2 37. Qxe2 Qxa4 38. Bxg7 Bxf2+ 39. Kxf2 Kxg7
40. Qxe6 Qc2+ 41. Kg3 f4+ 42. Kxf4 Qxg2 43. Qd7+ Kg6 44. Qe6+ 1/2-1/2

[Event "Gibtelecom Masters 2005"]
[Site "Gibraltar ENG"]
[Date "2005.01.03"]
[Round "10"]
[White "Tregubov, Pavel V"]
[Black "Radziewicz, Iweta"]
[Result "1/2-1/2"]
[WhiteElo "2629"]
[BlackElo "2459"]
[PlyCount "114"]
[EventDate "2005.01.26"]
[EventType "swiss"]
[EventRounds "10"]
[EventCountry "ENG"]
[Source "lmi"]
[SourceDate "2005.02.03"]

1. d4 e6 2. c4 c5 3. d5 exd5 4. cxd5 d6 5. Nc3 a6 6. a4 g6 7. Nf3 Bg7 8. Nd2
Nd7 9. e4 Ne7 10. Nc4 Ne5 11. Ne3 f5 12. f4 Nf7 13. Bd3 fxe4 14. Nxe4 Nf5 15.
Nxf5 Bxf5 16. O-O O-O 17. Ra3 c4 18. Bc2 Qb6+ 19. Kh1 Bxe4 20. Bxe4 Rae8 21. a5
Qc5 22. Bc2 Nh6 23. g4 Bd4 24. Qf3 c3 25. Rxc3 Bxc3 26. bxc3 Nf7 27. Qd3 Ng5
28. Kg2 Ne4 29. c4 Qxa5 30. f5 Qc3 31. Bh6 Qxd3 32. Bxd3 Rf6 33. Re1 gxf5 34.
Bg5 Rg6 35. h4 h6 36. gxf5 Rg7 37. Bxe4 Rf8 38. Kf3 hxg5 39. h5 Rh7 40. Kg4 Re7
41. Kxg5 Rfe8 42. Kf4 Kf7 43. c5 Rd8 44. h6 Rh8 45. Rh1 Kf6 46. cxd6 Reh7 47.
d7 Rxd7 48. Rb1 b5 49. Rc1 Rd6 50. Rc6 Rxc6 51. dxc6 b4 52. Bd5 Rxh6 53. Be6
Rh7 54. Ke4 Rc7 55. Kd5 b3 56. Kd6 b2 57. Ba2 Rxc6+ 1/2-1/2

[Event "Gibtelecom Masters 2005"]
[Site "Gibraltar ENG"]
[Date "2005.01.03"]
[Round "10"]
[White "Van Eijk, Sander"]
[Black "Villena Perez, Jorge"]
[Result "1-0"]
[WhiteElo "2216"]
[BlackElo "1916"]
[PlyCount "39"]
[EventDate "2005.01.26"]
[EventType "swiss"]
[EventRounds "10"]
[EventCountry "ENG"]
[Source "lmi"]
[SourceDate "2005.02.03"]

1. e4 e6 2. d4 d5 3. Nd2 Nf6 4. e5 Nfd7 5. Bd3 c5 6. c3 Na6 7. Ne2 Be7 8. O-O
O-O 9. f4 f5 10. g4 g6 11. gxf5 gxf5 12. Nf3 h6 13. Be3 c4 14. Bc2 Kh7 15. Kh1
Nb6 16. Rg1 Rg8 17. Ng3 Bd7 18. Qf1 Be8 19. Qh3 Bf7 20. Nxf5 1-0